=LDR 00000nam 2200000 4500 =001 INLIS000000000020836 =005 20150526164238.0 =006 =007 =008 Indo =035 ##$$0010-061300000020836 =041 ##$$a Indo =082 ##$$a 001.42 =090 ##$$a 001.42, Bun m =100 ##$$a Bungin, M. Burhan, H =245 ##$$a Metodologi penelitian kuantitatif, komunikasi, ekonomi dan kebijakan politik serta ilmu-ilmu sosial, H.M. Burhan Bungin =260 ##$$a 2006 $b Jakarta =300 ##$$a vii, 298 hlm. , ilus, 23 cm =650 ##$$a PENELITIAN - METODE =850 ##$$a NBPNMAT